Drapeaux d'Afrique - Mort subite - Statistiques

Statistiques générales
  • Ce quiz a été pris 835 fois
  • Le résultat moyen est 9 sur 18
Answers on the Grid
Answers color-coded by a green-red scale on the quiz's grid according to % correct below.
 
Statistiques - réponses
Réponse % Correct
61%
59%
58%
58%
57%
55%
55%
54%
54%
52%
51%
51%
51%
50%
48%
47%
46%
39%
Aucun quiz correspondant
Distribution des résultats
% des personnes avec chaque résultat
Percentile par nombre de réponses
Votre historique - résultats
Vous n’avez pas pris ce quiz